000 00434nam a22001697a 4500
003 OSt
005 20150108094513.0
008 130626t xxu||||| |||| 00| 0 eng d
050 _aGE 105
_b.C678 1986
082 _aFIL 372.3
_bSci2 1986
245 _aScience /
_cMichael R. Cohen
260 _aManila :
_bAcademe/Scott, Foresman,
_cc1986.
300 _avii. 302 p. ;
_c23 cm. :
562 _e1
942 _2lcc
_cBK
999 _c3187
_d3187